000
00424nam a2200133Ia 4500
008
100328s9999 xx 000 0 und d
082
_b
71244
100
_a
कोलारकर श.गो.-अनु.(मूळ लेखक-जदुनाथ सरकार).
245
_a
औरंगजेब
260
_b
डायमंड.
630
_a
औरंगजेब
730
_a
औरंगजेब
942
_c
BOOK
999
_c
556968
_d
556965